[Event "AUTO-MASTER-1996"]
[Site "http://www.queenalice.com/game.php?id=1239182"]
[Date "2013.12.10"]
[Round "1"]
[White "cunningsloth"]
[Black "mthal"]
[Result "1/2-1/2"]
[WhiteElo "1973"]
[BlackElo "2126"]

1. Nf3 d5 2. c4 c6 3. g3 Nf6 4. Bg2 e6 5. O-O Bd6 6. d4 O-O 7. Nc3 Nbd7 8. b3 e5
9. dxe5 Nxe5 10. cxd5 Nxf3+ 11. Bxf3 Be5 12. Bb2 cxd5 13. Bg2 Be6 14. Kh1 Rc8
15. Qd2 Qa5 16. Rfc1 Ne4 17. Nxe4 Qxd2 18. Nxd2 Bxb2 19. Rxc8 Rxc8 20. Rd1 Rc2
21. Nc4 Rxe2 22. Bxd5 Bxd5+ 23. Rxd5 h6 24. Kg2 Bf6 1/2-1/2

[Event "AUTO-MASTER-1996"]
[Site "http://www.queenalice.com/game.php?id=1239187"]
[Date "2013.12.10"]
[Round "1"]
[White "kookaburra"]
[Black "cunningsloth"]
[Result "1-0"]
[WhiteElo "2212"]
[BlackElo "1998"]

1. e4 c5 2. Nc3 Nc6 3. f4 e5 4. Nf3 d6 5. Bb5 exf4 6. O-O Nf6 7. d3 Be7 8. Bxf4
O-O 9. Bxc6 bxc6 10. e5 Nd5 11. exd6 Bxd6 12. Bxd6 Qxd6 13. Ne4 Qh6 14. Qd2 Qe3+
15. Qxe3 Nxe3 16. Rf2 Rb8 17. b3 Bg4 18. Nxc5 Bxf3 19. gxf3 Rb5 20. d4 Rd8 21.
c3 Nf5 22. Re1 g6 23. Rfe2 Kg7 24. Re5 Kh6 25. Kf2 Kg7 26. a4 Rbb8 27. a5 h5 28.
b4 Kh6 29. f4 Nxd4 30. cxd4 Rxd4 31. R5e4 Rbxb4 32. Rxd4 Rxd4 33. Re4 Rd5 34.
Rc4 Rd2+ 35. Kg3 h4+ 36. Kxh4 Rxh2+ 37. Kg3 Rb2 38. Kf3 Kg7 39. Nd7 Ra2 40. Rc5
f5 41. Ne5 Ra3+ 42. Ke2 Ra4 43. Nc4 Kf7 44. Rxc6 Ke7 45. Kd3 1-0

[Event "AUTO-MASTER-1996"]
[Site "http://www.queenalice.com/game.php?id=1239188"]
[Date "2013.12.10"]
[Round "1"]
[White "cunningsloth"]
[Black "kookaburra"]
[Result "0-1"]
[WhiteElo "1991"]
[BlackElo "2218"]

1. e4 e6 2. d4 d5 3. Nc3 Nf6 4. e5 Nfd7 5. f4 c5 6. Nf3 Nc6 7. Be3 a6 8. Be2 b5
9. a4 b4 10. Na2 Qa5 11. b3 Bb7 12. O-O Qc7 13. c3 bxc3 14. Nxc3 cxd4 15. Nxd4
Nxd4 16. Bxd4 Bc5 17. Rc1 Qb6 18. Bxc5 Qxc5+ 19. Kh1 Qb4 20. Bf3 Rc8 21. Ne2 O-O
22. Rb1 Rc7 23. Nd4 Rfc8 24. f5 exf5 25. e6 Nf6 26. exf7+ Rxf7 27. Nxf5 Ne4 28.
Bxe4 dxe4 29. Qd6 Qxd6 30. Nxd6 Rxf1+ 31. Rxf1 Rc7 32. Kg1 Bd5 33. b4 Rc6 34.
Nf5 Kf7 35. Nd4+ Rf6 36. Rxf6+ Kxf6 37. Kf2 Ke5 38. Ke3 Bb7 39. b5 axb5 40. axb5
Bd5 41. Nc6+ Kd6 42. Nd4 g6 43. Kf4 Kc5 44. Nc2 Kxb5 45. Ke5 Bb7 0-1

[Event "AUTO-MASTER-2024"]
[Site "http://www.queenalice.com/game.php?id=1251686"]
[Date "2014.1.27"]
[Round "1"]
[White "Spartaccus"]
[Black "cunningsloth"]
[Result "1-0"]
[WhiteElo "2343"]
[BlackElo "1990"]

1. e4 c5 2. Nf3 e6 3. d4 cxd4 4. Nxd4 Nf6 5. Nc3 Bb4 6. Qd3 Nc6 7. Bg5 Qa5 8.
Bxf6 gxf6 9. Be2 Ne5 10. Qg3 Bxc3+ 11. bxc3 b6 12. f4 Ng6 13. O-O Bb7 14. f5 Ne5
15. fxe6 dxe6 16. Bb5+ Nd7 17. Rxf6 O-O-O 18. Rxf7 e5 19. Bxd7+ Rxd7 20. Rxd7
Qc5 21. Qg7 Qxc3 22. Nb5 Qxa1+ 23. Kf2 Rf8+ 24. Qxf8+ Kxd7 25. Qd6+ Ke8 26. Nc7+
Kf7 27. Qd7+ Kg6 28. Qf5+ Kh6 29. Qf6+ Kh5 30. Ne6 1-0

[Event "AUTO-MASTER-2024"]
[Site "http://www.queenalice.com/game.php?id=1251687"]
[Date "2014.1.27"]
[Round "1"]
[White "cunningsloth"]
[Black "Spartaccus"]
[Result "1-0"]
[WhiteElo "1971"]
[BlackElo "2339"]

1. e4 c5 2. Nf3 d6 3. d4 cxd4 4. Nxd4 Nf6 5. Nc3 a6 6. Be2 e5 7. Nb3 Be6 8. f4
Be7 9. O-O Nbd7 10. Be3 Qc7 11. Rc1 Nb6 12. f5 Bc4 13. Nd2 d5 14. exd5 Bxd5 15.
Bf3 Rd8 16. Qe2 O-O 17. Kh1 Bxf3 18. Rxf3 Bc5 19. Bg5 Be7 20. Bxf6 Bxf6 21. Nde4
Qc6 22. Nxf6+ Qxf6 23. Ne4 Qh6 24. Rcf1 f6 25. Rh3 Rd2 26. Nxd2 1-0

[Event "AUTO-MASTER-2024"]
[Site "http://www.queenalice.com/game.php?id=1251698"]
[Date "2014.1.27"]
[Round "1"]
[White "shirya00007"]
[Black "cunningsloth"]
[Result "1-0"]
[WhiteElo "2047"]
[BlackElo "1969"]

1. e4 e6 2. d4 c5 3. Nf3 cxd4 4. Nxd4 Nf6 5. e5 Qa5+ 6. c3 Qxe5+ 7. Be2 Nc6 8.
Be3 Qb8 9. Nd2 d5 10. Bb5 Bd7 11. Be2 Bd6 12. N2f3 O-O 13. Qc2 e5 14. Nf5 Bc7
15. Bg5 e4 16. N3d4 Ne5 17. Qd2 Re8 18. Bxf6 Nd3+ 19. Bxd3 Bf4 20. Qe2 gxf6 21.
Qg4+ Bg5 22. Be2 Qf4 23. Qxf4 Bxf4 24. g3 Bc7 25. O-O-O Rab8 26. Nh6+ Kg7 27.
Ndf5+ Bxf5 28. Nxf5+ Kg6 29. Rxd5 Be5 30. Nd6 Red8 31. Rhd1 1-0

[Event "AUTO-MASTER-2024"]
[Site "http://www.queenalice.com/game.php?id=1251699"]
[Date "2014.1.27"]
[Round "1"]
[White "cunningsloth"]
[Black "shirya00007"]
[Result "1/2-1/2"]
[WhiteElo "1981"]
[BlackElo "2083"]

1. Nf3 d5 2. c4 d4 3. e3 c5 4. b4 cxb4 5. Nxd4 e5 6. Nf3 e4 7. Nd4 Bc5 8. Bb2
Nf6 9. Nb3 b6 10. d4 exd3 11. Bxd3 O-O 12. Qc2 h6 13. N1d2 Nc6 14. O-O-O Be6 15.
Ne4 Nxe4 16. Bxe4 Qc7 17. g4 Rad8 18. Rdg1 Ne5 19. h4 a5 20. g5 h5 21. Bxe5 Qxe5
22. Kb1 Qc3 23. Qxc3 bxc3 24. Nxc5 bxc5 25. Rc1 Bxc4 26. Rxc3 Rb8+ 27. Ka1 Be6
28. Rxc5 Rfd8 29. Rhc1 Rd2 30. R1c2 Rd6 31. Rc1 Rd2 32. R5c2 Rd6 33. f4 g6 34.
Rb1 Rb4 35. Rxb4 axb4 36. Rb2 Ra6 37. Bc2 Kf8 38. Bb3 Bxb3 39. Rxb3 Ra4 40. Kb1
Ke7 41. Kb2 Kd6 42. Rd3+ Kc6 43. Kb3 Ra3+ 44. Kc4 Rxa2 45. Kxb4 Rh2 46. Rd8 Rxh4
47. Rf8 Rh3 48. Rxf7 Rxe3 49. Rf6+ Kd7 50. Rxg6 Re4+ 51. Kc3 Rxf4 52. Rh6 h4 53.
Kd3 Rg4 54. g6 Ke6 1/2-1/2

[Event "AUTO-MASTER-2024"]
[Site "http://www.queenalice.com/game.php?id=1251706"]
[Date "2014.1.27"]
[Round "1"]
[White "cunningsloth"]
[Black "walleska"]
[Result "0-1"]
[WhiteElo "1979"]
[BlackElo "2249"]

1. e4 e5 2. d4 exd4 3. Nf3 Nc6 4. Nxd4 Bc5 5. Nb3 Bb6 6. Nc3 Nf6 7. Bc4 d6 8. a4
Ng4 9. O-O Qh4 10. h3 Nxf2 11. Bxf7+ Kf8 12. Bd5 Ke7 13. Bg5+ Qxg5 14. Rxf2 Rf8
15. Bf7 Bxf2+ 0-1

[Event "AUTO-MASTER-2024"]
[Site "http://www.queenalice.com/game.php?id=1251707"]
[Date "2014.1.27"]
[Round "1"]
[White "walleska"]
[Black "cunningsloth"]
[Result "1-0"]
[WhiteElo "2256"]
[BlackElo "1974"]

1. e4 c5 2. Nf3 e6 3. d4 cxd4 4. Be2 Nc6 5. Nxd4 Nf6 6. Nc3 Bb4 7. O-O Bxc3 8.
Nxc6 bxc6 9. bxc3 Nxe4 10. Qd4 Nf6 11. Ba3 d5 12. Qe5 Nd7 13. Qxg7 Qf6 14. Qg3
e5 15. c4 Qg6 16. cxd5 cxd5 17. Qb3 Rb8 18. Bb5 Bb7 19. Qa4 Bc8 20. Rab1 Rxb5
21. Rxb5 1-0

[Event "AUTO-OPEN-3109"]
[Site "http://www.queenalice.com/game.php?id=1270783"]
[Date "2014.4.6"]
[Round "2"]
[White "cunningsloth"]
[Black "josebaron"]
[Result "1-0"]
[WhiteElo "1998"]
[BlackElo "1957"]

1. Nf3 d5 2. c4 dxc4 3. e4 Bg4 4. Bxc4 e6 5. Qb3 b6 6. Ne5 Bh5 7. Bb5+ c6 8.
Nxc6 Nxc6 9. Bxc6+ Ke7 10. e5 f5 11. Bxa8 Qxa8 12. f3 Qc6 13. O-O Qc5+ 14. Kh1
Qxe5 15. d4 Qxd4 16. Rd1 Qc5 17. Be3 Qc6 18. Nd2 Kf7 19. Rac1 Qb7 20. Nc4 Nf6
21. Ne5+ Ke7 22. Bc5+ Ke8 23. Qb5+ 1-0

[Event "AUTO-OPEN-3109"]
[Site "http://www.queenalice.com/game.php?id=1270784"]
[Date "2014.4.6"]
[Round "2"]
[White "josebaron"]
[Black "cunningsloth"]
[Result "0-1"]
[WhiteElo "1979"]
[BlackElo "1991"]

1. e4 c5 2. Bc4 e6 3. e5 a6 4. a4 Nc6 5. Nf3 d5 6. exd6 Bxd6 7. O-O Nge7 8. Re1
O-O 9. Nc3 b6 10. h3 Ng6 11. Ne4 Bc7 12. d3 Kh8 13. Bg5 f6 14. Bc1 h6 15. Nc3 e5
16. Bd5 Bb7 17. Be4 Nge7 18. Kh1 f5 19. Bxc6 Nxc6 20. Bd2 Nd4 21. Nxe5 Qf6 22.
Nd7 Qd6 23. Ne5 g5 24. Kg1 Rae8 25. f4 Rxe5 26. fxe5 Qc6 27. Re2 Bxe5 28. Be3
Nxe2+ 29. Qxe2 Bxc3 30. bxc3 Re8 31. Qf2 Rxe3 32. Kf1 Re6 33. Re1 Qxg2+ 34. Qxg2
Bxg2+ 35. Kf2 Rxe1 36. Kxe1 Bxh3 37. d4 Kg7 38. dxc5 bxc5 39. a5 Kf6 40. Ke2 Ke5
41. Ke3 Kd5 0-1

[Event "Challenge"]
[Site "http://www.queenalice.com/game.php?id=1272530"]
[Date "2014.4.12"]
[Round "-"]
[White "cunningsloth"]
[Black "Lui87"]
[Result "0-1"]
[WhiteElo "2007"]
[BlackElo "1912"]

1. Nf3 e6 2. d4 Nf6 3. c4 d5 4. Nc3 c6 5. b3 Bb4 6. Bb2 Qa5 7. Qc2 Ne4 8. Rc1
Qxa2 9. e3 a5 10. Bd3 Bxc3+ 11. Bxc3 Qxc2 12. Rxc2 Nxc3 13. Rxc3 Na6 14. cxd5
exd5 15. O-O Nb4 16. Re1 f6 17. e4 Kf7 18. e5 Nxd3 19. Rxd3 Bf5 20. Rde3 Rae8
21. exf6 gxf6 22. Rxe8 Rxe8 23. Rxe8 Kxe8 24. Kf1 Bc2 25. Nd2 b5 26. Ke2 a4 0-1

[Event "Challenge"]
[Site "http://www.queenalice.com/game.php?id=1273021"]
[Date "2014.4.14"]
[Round "-"]
[White "AlekinePb"]
[Black "cunningsloth"]
[Result "1-0"]
[WhiteElo "1881"]
[BlackElo "2012"]

1. d4 Nf6 2. Nf3 d5 3. Bf4 e6 4. e3 Bd6 5. Bg5 Nbd7 6. c4 h6 7. Bh4 O-O 8. Nc3
c6 9. Ne5 g5 10. Bg3 Qc7 11. f4 dxc4 12. Bxc4 b5 13. Bd3 b4 14. Ne2 Nd5 15. Qd2
Nxe5 16. fxe5 Be7 17. O-O Qb6 18. Kh1 Bb7 19. Bc2 c5 20. Qd3 1-0

[Event "Challenge"]
[Site "http://www.queenalice.com/game.php?id=1273022"]
[Date "2014.4.14"]
[Round "-"]
[White "cunningsloth"]
[Black "AlekinePb"]
[Result "1-0"]
[WhiteElo "1985"]
[BlackElo "1907"]

1. e4 e6 2. d4 d5 3. Nc3 Bb4 4. Ne2 Nf6 5. e5 Ne4 6. a3 Nxc3 7. Nxc3 Bxc3+ 8.
bxc3 O-O 9. Bd3 c5 10. Qh5 g6 11. Qh6 c4 12. Bg5 f6 13. exf6 Qe8 14. Qg7# 1-0

[Event "AUTO-ADV-3004"]
[Site "http://www.queenalice.com/game.php?id=1276085"]
[Date "2014.4.25"]
[Round "2"]
[White "pizzaiolo72"]
[Black "cunningsloth"]
[Result "1-0"]
[WhiteElo "1990"]
[BlackElo "1987"]

1. e4 c5 2. Nf3 e6 3. c4 b6 4. Nc3 Bb7 5. d4 cxd4 6. Nxd4 Bb4 7. f3 d5 8. Qa4+
Nc6 9. Nxc6 Bxc3+ 10. bxc3 Qd7 11. cxd5 1-0

[Event "AUTO-ADV-3004"]
[Site "http://www.queenalice.com/game.php?id=1276086"]
[Date "2014.4.25"]
[Round "2"]
[White "cunningsloth"]
[Black "pizzaiolo72"]
[Result "1/2-1/2"]
[WhiteElo "2001"]
[BlackElo "2010"]

1. d4 d5 2. c4 Nf6 3. Nc3 c6 4. Nf3 e6 5. g3 dxc4 6. e4 b5 7. Bg5 Be7 8. a4 a6
9. axb5 cxb5 10. e5 Nd5 11. Nxb5 O-O 12. Bxe7 Qxe7 13. Nd6 Nb6 14. Nd2 Bb7 15.
Nxb7 Qxb7 16. Qf3 Qd5 17. Qxd5 exd5 18. Bg2 Nc6 19. Nf3 f6 20. O-O fxe5 21. Nxe5
Nxd4 22. Rfd1 Nc2 23. Ra5 Nb4 24. Rd4 Rf5 25. Nxc4 Nxc4 26. Rxc4 dxc4 27. Rxf5
Rc8 28. Bf1 g6 29. Rf4 Nd3 30. Bxd3 cxd3 31. Rd4 Rc1+ 32. Kg2 Rb1 33. Rxd3 Rxb2
34. Rd8+ Kg7 35. Rd7+ Kh6 36. h4 a5 37. Ra7 Ra2 38. Kf3 a4 39. Ke3 a3 40. f3 Ra1
41. Kf4 a2 42. g4 g5+ 43. hxg5+ Kg6 44. Ra6+ Kg7 45. Kf5 Rf1 46. Ra7+ Kg8 47.
Rxa2 Rxf3+ 48. Ke4 Rf1 49. Ra4 Kg7 50. Ra6 Rf2 51. Ke3 Rf1 52. Ke4 Rf2 53. Ke3
Rf1 54. Ke2 Rf4 55. Ra5 Rxg4 56. Kf3 Rg1 57. Kf4 Rf1+ 58. Kg4 Rg1+ 59. Kf5 Rf1+
60. Kg4 Kg6 61. Ra6+ Kg7 62. Ra5 1/2-1/2

[Event "Challenge"]
[Site "http://www.queenalice.com/game.php?id=1284741"]
[Date "2014.5.29"]
[Round "-"]
[White "AlekinePb"]
[Black "cunningsloth"]
[Result "0-1"]
[WhiteElo "1920"]
[BlackElo "1984"]

1. d4 f5 2. g3 Nf6 3. Bg2 g6 4. Nf3 Bg7 5. O-O O-O 6. c4 c5 7. d5 d6 8. Nc3 e5
9. Bg5 a6 10. a4 Nbd7 11. Qd2 e4 12. Nh4 Ne5 13. b3 Bd7 14. Rac1 Nf7 15. Be3 Ng4
16. h3 Nxe3 17. Qxe3 g5 18. Nxf5 Bxf5 19. Nxe4 Re8 20. Qd3 Ne5 21. Qd2 Bh6 22.
e3 g4 23. hxg4 Nxg4 24. Nc3 Nxe3 25. Rfe1 Ng4 26. f4 Qf6 27. Nd1 Bg7 28. Ne3
Nxe3 29. Rxe3 Qd4 30. Re1 Qxd2 31. Rxe8+ Rxe8 32. Rxe8+ Kf7 33. Rb8 Bd4+ 34. Kh2
Qf2 35. Rxb7+ Kg6 36. Rb6 Qg1# 0-1

[Event "Challenge"]
[Site "http://www.queenalice.com/game.php?id=1284742"]
[Date "2014.5.29"]
[Round "-"]
[White "cunningsloth"]
[Black "AlekinePb"]
[Result "0-1"]
[WhiteElo "1997"]
[BlackElo "1875"]

1. e4 e6 2. d4 d5 3. Nc3 Bb4 4. Ne2 Nf6 5. e5 Ne4 6. a3 Bxc3+ 7. Nxc3 Nxc3 8.
bxc3 c5 9. Be2 Qc7 10. O-O O-O 11. f4 Nd7 12. Bg4 g6 13. Qf3 cxd4 14. cxd4 Qxc2
15. Be3 Nb6 16. h4 h5 17. Bh3 Nc4 18. Bf2 Qa4 19. Qe2 Qa5 20. Be1 Qd8 21. g4 Qb6
22. Qd3 Nb2 23. Qc3 Nc4 24. gxh5 Qb2 25. hxg6 fxg6 26. Qd3 Kg7 27. h5 gxh5 28.
Kh1 Kf7 29. Rg1 Ke7 30. Bb4+ Kd7 31. Qh7+ Kc6 32. Bxf8 Qxd4 33. Qe7 Qe4+ 34. Bg2
Qxf4 35. Rac1 Kb5 36. Qb4+ Ka6 37. Be7 Bd7 38. Rgf1 Qg4 39. Rf2 h4 40. Rc3 Rg8
41. Rfc2 h3 42. Rxc4 hxg2+ 0-1

[Event "Challenge"]
[Site "http://www.queenalice.com/game.php?id=1300322"]
[Date "2014.8.9"]
[Round "-"]
[White "Taurus"]
[Black "cunningsloth"]
[Result "1-0"]
[WhiteElo "2064"]
[BlackElo "1954"]

1. d4 Nf6 2. c4 e6 3. Nc3 Bb4 4. a3 Bxc3+ 5. bxc3 O-O 6. Bg5 h6 7. Bh4 c5 8. Nf3
b6 9. e4 g5 10. Bg3 Nxe4 11. Bd3 Bb7 12. Qc2 1-0

[Event "Challenge"]
[Site "http://www.queenalice.com/game.php?id=1300323"]
[Date "2014.8.9"]
[Round "-"]
[White "cunningsloth"]
[Black "Taurus"]
[Result "0-1"]
[WhiteElo "1967"]
[BlackElo "2051"]

1. e4 e5 2. Nc3 Nf6 3. f4 d6 4. fxe5 dxe5 5. Nf3 Bg4 6. Bc4 Bc5 7. Bxf7+ Ke7 8.
Bd5 c6 9. Bb3 b5 10. d3 a5 11. a4 b4 12. Ne2 Nbd7 0-1